000
00229nam a2200097Ia 4500
008
170619s9999 xx 000 0 und d
100
_a
Pantambekar A A
245
0
_a
Data Structure Using C
260
_b
Pune : Tech. Pub.
260
_c
2006
546
_a
ENGLISH
999
_c
18222
_d
18222